Responses for Show #8143 - Wednesday, January 22, 2020

Contestants

[<< previous game]

Lau Mehes, a youth substance use prevention worker from Vancouver, British Columbia, Canada

John Cuevas, a slot floorperson from San Marcos, California

Dennis Coffey, a bartender from Old Orchard Beach, Maine (whose 3-day cash winnings total $51,203)

[next game >>]

Jeopardy! Round responses

AIRPORT ATTRACTIONS
RUNNER-UP RUNNING MATES
(Alex: You have to name the candidate who was at the top of the ticket.)
YE OLDE JOB FAIRE
LAYING THINGS M TO M
BEHIND THE MUSIC
OOTD
(Alex: Outfit of the day.)
    $200 12
Kennedy Airport

Dennis
    $200 1
(John) Kerry

Lau
    $200 9
a monogram

Dennis
    $200 17
Lady Gaga

John
    $200 2
A-line

Lau
    $400 23
(Alex: Less than a minute now.)

Liverpool

Lau
    $400 5
Gore

John
    $400 10
(John: What is madam?)

ma'am

JohnLau
    $400 18
Billie Eilish

Lau
    $400 3
boa

Lau
    $600 13
Vancouver

John
    $600 6
(John: Who is McGovern?)

Humphrey

DennisJohn
    $600 28
(Lau: What is blacksmith?)
...
[The end-of-round signal sounds.]

printing

Lau
Triple Stumper
    $600 14
a modem

John
    $600 19
U2

Lau
    $600 4
capri

John
    $800 22
Milwaukee

John
    $800 7
(Dennis: Who is, uh, Bush?)

Bob Dole

Dennis
Triple Stumper
    $800 27
the piper

Lau
    $1,200 15
moratorium

John
    $800 20
Dennis: What is "I Love You [*]"?)

"Just The Way You Are"

Dennis
    $800 11
a cowl

Triple Stumper
    $1000 21
Baltimore

Triple Stumper
    $1000 8
Gerald Ford

Dennis
    $1000 26
henchman

Triple Stumper
    $1000 16
(Lau: What is Maelstorm?)

maelstrom

JohnLau
    $1000 24
Amy Winehouse

Lau
    $1000 25
a zoot suit

Lau

Scores at the first commercial break (after clue 15):

Dennis John Lau
$1,200 $2,400 $1,200

Scores at the end of the Jeopardy! Round:

Dennis John Lau
$2,000 $4,400 $3,800

Double Jeopardy! Round responses

LOCK HIM UP!
EARTH HISTORY
TV SPIN-OFFS
(Alex: Name the source show.)
A HIGHER ROYALTY
WAYS TO SAY GO AWAY!
POUND! SAND!
    $400 26
oxygen

John
    $400 16
[Alex chuckles]

leaf

John
    $400 21
Chopin

John
    $800 15
Capone

Lau
    $800 25
flowers

John
    $800 7
Sons of Anarchy

Lau
    $800 9
a czarina or empress

Dennis
    $800 27
[The end-of-round signal sounds.]

the bricks

John
    $800 22
(Lau: Who is Oscar Wilde?)

(James) Joyce

DennisLau
    $1200 12
(Whitey) Bulger

John
    $1200 1
extinction events

John
    $1200 5
The Goldbergs

Triple Stumper
    $1200 8
(Lau: What is emperor?)

prince

Lau
Triple Stumper
    $2,500 18
Get Out

Dennis
    $1200 20
Culture

John
    $1600 13
(Lau: Who is Robert Louis Stevenson?)

(Daniel) Defoe

DennisLau
    $1600 2
(Lau: What are fissures?)

(alkaline) vents

DennisLau
    $1600 4
(John: What is Talk Radio?)
(Dennis: What is Frasier?)

Grey's Anatomy

DennisJohn
Triple Stumper
    $1600 10
kaiser

Dennis
    $1600 17
shove off

Dennis
    $1600 23
(Alex: Less than a minute now.)

(T.S.) Eliot

Dennis
    $2000 14
Blagojevich

John
    $2000 3
Pangea

John
    $2000 6
Crocodile Hunter

John
    $2,000 11
the Holy Roman Emperor

Dennis
    $2000 19
Begone

Triple Stumper
    $2000 24
Le Figaro

Triple Stumper

Scores at the end of the Double Jeopardy! Round:

Dennis John Lau
$14,500 $15,200 $200

[wagering suggestions for these scores]

Final Jeopardy! Round responses

U.S. TERRITORIES
LauWhat are the US Virgin Islands?
$200
DennisWhat is Guam?
$14,101
JohnWhat are the US Virgin Islands?
$13,801
U.S. Virgin Islands

Final scores:

Dennis John Lau
$399 $29,001 $400
3rd place: $1,000 New champion: $29,001 2nd place: $2,000

Game dynamics:

Coryat scores:

Dennis John Lau
$13,200 $14,800 $200
14 R
(including 2 DDs),
2 W
19 R
(including 1 DD),
3 W
12 R,
6 W

Combined Coryat: $28,200

[game clues] [game scores] [suggest correction]

Game tape date: 2019-11-13
The J! Archive is created by fans, for fans. Scraping, republication, monetization, and malicious use prohibited; this site may use cookies and collect identifying information. See terms. The Jeopardy! game show and all elements thereof, including but not limited to copyright and trademark thereto, are the property of Jeopardy Productions, Inc. and are protected under law. This website is not affiliated with, sponsored by, or operated by Jeopardy Productions, Inc. Join the discussion at JBoard.tv.